[Event "1st League CS 2011"]
[Site "Kraljevo"]
[Date "2011.09.17"]
[Round "1.1"]
[White "Radovanovic, Jovica"]
[Black "Rajkovic, Dusan"]
[Result "0-1"]
[WhiteElo "2320"]
[BlackElo "2415"]
[PlyCount "94"]
[EventDate "2011.09.17"]

1. Nf3 Nf6 2. c4 c5 3. g3 b6 4. Bg2 Bb7 5. O-O e6 6. Nc3 Be7 7. d4 cxd4 8. Qxd4
d6 9. Bg5 a6 10. Bxf6 Bxf6 11. Qd3 Bxf3 12. exf3 Ra7 13. f4 O-O 14. Rad1 Rd7
15. Bh3 g6 16. Rfe1 Qc7 17. Re2 Bg7 18. Re4 Qc5 19. Qe2 Rc7 20. Rd3 b5 21. cxb5
d5 22. Ra4 axb5 23. Ra5 Nc6 24. Rxb5 Nd4 25. Rxd4 Qxd4 26. Rb3 Qc4 27. Qe3 Qa6
28. Bf1 Qa5 29. Qd3 Bxc3 30. bxc3 Qxa2 31. Qb5 Rfc8 32. f5 Rc5 33. Qb7 exf5 34.
Rb5 Rxc3 35. Qxd5 Qxd5 36. Rxd5 Rc2 37. h4 Rb2 38. Rd4 Kg7 39. Kg2 Rcc2 40. Rf4
Rd2 41. Kg1 Kf6 42. Rf3 Rd1 43. Rd3 Rxd3 44. Bxd3 Rd2 45. Bf1 f4 46. g4 f3 47.
Bh3 Ke5 0-1

[Event "1st League CS 2011"]
[Site "Kraljevo"]
[Date "2011.09.17"]
[Round "1.1"]
[White "Ristic, Nenad"]
[Black "Ivanov, Mikhail M"]
[Result "1/2-1/2"]
[WhiteElo "2420"]
[BlackElo "2396"]
[PlyCount "21"]
[EventDate "2011.09.17"]

1. e4 e5 2. Nf3 Nc6 3. Bb5 a6 4. Bxc6 dxc6 5. O-O f6 6. d4 Bg4 7. c3 Qe7 8.
dxe5 fxe5 9. Be3 Nf6 10. Nbd2 O-O-O 11. Qc2 1/2-1/2

[Event "1st League CS 2011"]
[Site "Kraljevo"]
[Date "2011.09.17"]
[Round "1.1"]
[White "Misojcic, Miroslav"]
[Black "Ristic, Nebojsa M"]
[Result "1/2-1/2"]
[WhiteElo "2242"]
[BlackElo "2379"]
[PlyCount "63"]
[EventDate "2011.09.17"]

1. d4 Nf6 2. c4 c5 3. d5 b5 4. cxb5 a6 5. bxa6 d6 6. Nc3 g6 7. e4 Bg7 8. Nf3
O-O 9. Be2 Bxa6 10. O-O Nbd7 11. Re1 Ng4 12. Nd2 Nge5 13. Bxa6 Rxa6 14. Qe2 Nb8
15. f4 Ned7 16. Nc4 Nb6 17. e5 Nxc4 18. Qxc4 Rb6 19. Rb1 Nd7 20. exd6 exd6 21.
Be3 Re8 22. Nb5 Nf6 23. Bf2 Rxe1+ 24. Rxe1 Nxd5 25. a4 Nb4 26. b3 Rc6 27. Qe4
d5 28. Qe8+ Qxe8 29. Rxe8+ Bf8 30. Na7 Rc7 31. Nb5 Rc6 32. Na7 1/2-1/2

[Event "1st League CS 2011"]
[Site "Kraljevo"]
[Date "2011.09.17"]
[Round "1.1"]
[White "Todorovic, Goran N"]
[Black "Urosevic, Zoran"]
[Result "1-0"]
[WhiteElo "2396"]
[BlackElo "2269"]
[PlyCount "107"]
[EventDate "2011.09.17"]

1. Nf3 Nf6 2. c4 g6 3. Nc3 c5 4. d4 cxd4 5. Nxd4 Bg7 6. g3 O-O 7. Bg2 Nc6 8.
O-O Nxd4 9. Qxd4 d6 10. Qd3 Rb8 11. Bd2 b6 12. Rac1 Bb7 13. e4 Nd7 14. b3 Ne5
15. Qe2 Qd7 16. Rfd1 Nc6 17. Be3 Qc8 18. h3 Rd8 19. Kh2 Qd7 20. f4 Qe8 21. g4
Rdc8 22. g5 h5 23. Nd5 Nd8 24. Qf2 Ne6 25. b4 Nc7 26. Nc3 Ba6 27. Bf1 Ne6 28.
f5 Be5+ 29. Kg1 Nc7 30. Bd4 Bxd4 31. Qxd4 Rd8 32. fxg6 fxg6 33. e5 Ne6 34. Qe3
Ng7 35. exd6 exd6 36. Qxe8+ Nxe8 37. Rd4 Ng7 38. Re1 Nf5 39. Rf4 Re8 40. Rfe4
Rxe4 41. Nxe4 Kf7 42. Nf6 Rc8 43. b5 Bb7 44. Kf2 Rc5 45. Bd3 Nh4 46. Ne8 Nf5
47. h4 Ba8 48. Kg1 d5 49. Bxf5 gxf5 50. Nd6+ Kg7 51. Re7+ Kg6 52. Re6+ Kh7 53.
g6+ Kg8 54. Nxf5 1-0

[Event "1st League CS 2011"]
[Site "Kraljevo"]
[Date "2011.09.17"]
[Round "1.1"]
[White "Lazic, Zeljko"]
[Black "Djokic, Nenad"]
[Result "1/2-1/2"]
[WhiteElo "2211"]
[BlackElo "2362"]
[PlyCount "149"]
[EventDate "2011.09.17"]

1. e4 c5 2. Nf3 Nc6 3. c3 Nf6 4. e5 Nd5 5. Bc4 Nb6 6. Bb3 d5 7. exd6 e6 8. d4
Bxd6 9. Be3 cxd4 10. cxd4 Ne7 11. Nc3 Bd7 12. Ng5 Nf5 13. Qh5 g6 14. Qf3 Bc6
15. d5 Nxd5 16. Nxd5 Bxd5 17. Bxd5 Bb4+ 18. Ke2 Qxd5 19. Qxd5 exd5 20. Rhd1
Nxe3 21. fxe3 Rd8 22. Rac1 Be7 23. Nf3 Bf6 24. Rc7 Rd7 25. Rxd7 Kxd7 26. Rxd5+
Kc6 27. Rd2 Re8 28. Nd4+ Kb6 29. Kd3 Be5 30. g4 f6 31. Rc2 a6 32. h3 Rh8 33.
Ne6 h5 34. Nf4 Bxf4 35. exf4 hxg4 36. hxg4 Rh4 37. Rg2 Kc5 38. Ke4 Kd6 39. f5
g5 40. Rd2+ Ke7 41. Kd5 Rxg4 42. Re2+ Kf7 43. Rc2 Rb4 44. Rc7+ Kf8 45. b3 Rb5+
46. Ke6 Rb6+ 47. Kd5 Kg8 48. Re7 a5 49. Rc7 g4 50. Re7 Kf8 51. Rh7 a4 52. bxa4
Rb4 53. Ke6 Rb6+ 54. Kd5 Ra6 55. Rxb7 Rxa4 56. Ke6 Ra6+ 57. Kd5 Rxa2 58. Ke6
Ra6+ 59. Kd5 g3 60. Rb3 Ra1 61. Rxg3 Re1 62. Rf3 Ke7 63. Kd4 Kd6 64. Re3 Rxe3
65. Kxe3 Ke5 66. Ke2 Ke4 67. Kf2 Kf4 68. Ke2 Kg3 69. Ke3 Kg4 70. Ke2 Kxf5 71.
Ke3 Ke5 72. Kf3 f5 73. Ke3 f4+ 74. Kf2 Ke4 75. Ke2 1/2-1/2

[Event "1st League CS 2011"]
[Site "Kraljevo"]
[Date "2011.09.17"]
[Round "1.2"]
[White "Raicevic, Ivica"]
[Black "Stojanovski, Dejan"]
[Result "1/2-1/2"]
[WhiteElo "2282"]
[BlackElo "2427"]
[PlyCount "69"]
[EventDate "2011.09.17"]

1. c4 Nf6 2. Nc3 c5 3. g3 d5 4. cxd5 Nxd5 5. Bg2 Nc7 6. Nf3 Nc6 7. O-O e5 8. d3
Be7 9. Nd2 Bd7 10. Nc4 f6 11. a4 O-O 12. f4 exf4 13. Bxf4 Kh8 14. a5 Ne6 15.
Be3 Rb8 16. Bf2 Ng5 17. Kh1 b5 18. axb6 axb6 19. Nd5 b5 20. Nd2 Bh3 21. e4 Ne5
22. Bxh3 Nxh3 23. Qe2 Nxf2+ 24. Rxf2 Bd6 25. Nf3 Nxf3 26. Qxf3 Be5 27. Qf5 c4
28. Rd1 cxd3 29. Rxd3 Qc8 30. Qxc8 Rfxc8 31. b3 Rb7 32. Kg2 Kg8 33. Ra2 Rc1 34.
h4 Re1 35. Re3 1/2-1/2

[Event "1st League CS 2011"]
[Site "Kraljevo"]
[Date "2011.09.17"]
[Round "1.2"]
[White "Djukic, Zeljko"]
[Black "Dmitrovic, Tomislav"]
[Result "1/2-1/2"]
[WhiteElo "2399"]
[BlackElo "2295"]
[PlyCount "146"]
[EventDate "2011.09.17"]

1. d4 f5 2. g3 Nf6 3. Bg2 g6 4. Nh3 Bg7 5. c3 Nc6 6. O-O O-O 7. Nd2 d5 8. Nf3
Ne4 9. Nf4 e6 10. Nd3 g5 11. Be3 Qe7 12. Qc1 Bf6 13. c4 dxc4 14. Qxc4 Qg7 15.
Rac1 Nd6 16. Qc5 Nf7 17. b4 g4 18. Nfe5 Nfxe5 19. dxe5 Nxe5 20. Nxe5 Bxe5 21.
Bh6 Qxh6 22. Qxe5 c6 23. b5 cxb5 24. Rc7 a6 25. Rd1 Qf6 26. Qc5 Rd8 27. Rxd8+
Qxd8 28. Qe5 Qd1+ 29. Bf1 Bd7 30. Qc5 Re8 31. Rxb7 Kf7 32. Ra7 Re7 33. Rxa6 Be8
34. Rd6 Qa1 35. a3 Rd7 36. f4 gxf3 37. exf3 Rxd6 38. Qxd6 Qc1 39. Kf2 Qc6 40.
Qd4 Qa8 41. Qc5 Qc6 42. Qe3 Qd5 43. h4 e5 44. Bd3 Bd7 45. Be2 Qd6 46. f4 e4 47.
h5 Kg7 48. Qc3+ Kf7 49. Ke3 h6 50. Qb4 Qd5 51. Qd4 Qb3+ 52. Kf2 Be6 53. Qe5 Bd7
54. Qd6 e3+ 55. Kf3 Be6 56. Qd3 Qa2 57. Kxe3 Qa1 58. Kf2 Qb2 59. Kg1 b4 60.
axb4 Qxb4 61. Kh2 Qb2 62. Kh3 Qc1 63. Bf3 Qc4 64. Qd8 Qf1+ 65. Bg2 Qe2 66. Qc7+
Kf6 67. Qc3+ Kf7 68. Bf3 Qf1+ 69. Bg2 Qe2 70. Bf3 Qf1+ 71. Kh2 Qf2+ 72. Kh3
Qf1+ 73. Kh4 Qf2 1/2-1/2

[Event "1st League CS 2011"]
[Site "Kraljevo"]
[Date "2011.09.17"]
[Round "1.2"]
[White "Markovic, Marko"]
[Black "Mitrovic, Darko R"]
[Result "1/2-1/2"]
[WhiteElo "2285"]
[BlackElo "2303"]
[PlyCount "63"]
[EventDate "2011.09.17"]

1. e4 e6 2. d4 d5 3. Nc3 Bb4 4. Qd3 dxe4 5. Qxe4 Nf6 6. Qh4 b6 7. Bb5+ c6 8.
Bd3 Nd5 9. Bg5 Be7 10. Bxe7 Qxe7 11. Qxe7+ Kxe7 12. Nxd5+ cxd5 13. Nf3 Ba6 14.
O-O-O Bxd3 15. Rxd3 Nc6 16. Rc3 Rhc8 17. Rd1 Nb4 18. Rxc8 Rxc8 19. c3 f6 20.
Kd2 Nc6 21. Ne1 g5 22. Nc2 Kd6 23. Re1 Rg8 24. Re3 g4 25. Rg3 h5 26. f3 f5 27.
f4 Ne7 28. Ne1 Rc8 29. Nd3 Ng8 30. h4 Nf6 31. Re3 Ne4+ 32. Kc2 1/2-1/2

[Event "1st League CS 2011"]
[Site "Kraljevo"]
[Date "2011.09.17"]
[Round "1.2"]
[White "Djokic, Vladan"]
[Black "Trifunovic, Miroljub"]
[Result "1/2-1/2"]
[WhiteElo "2299"]
[BlackElo "2305"]
[PlyCount "140"]
[EventDate "2011.09.17"]

1. e4 e5 2. Nf3 Nc6 3. Bb5 a6 4. Bxc6 dxc6 5. O-O f6 6. d4 exd4 7. Nxd4 c5 8.
Ne2 Qxd1 9. Rxd1 Bd7 10. Nbc3 O-O-O 11. Be3 Bd6 12. Nd5 Be6 13. a4 Ne7 14. Nef4
Nxd5 15. Nxd5 a5 16. Nc3 b6 17. f4 Rhe8 18. Re1 c4 19. Nb5 Bf7 20. e5 fxe5 21.
f5 Bb4 22. c3 Be7 23. g4 h6 24. Re2 Rd3 25. Bf2 Bf6 26. Rf1 h5 27. gxh5 Bxh5
28. Re4 Bf7 29. Bg3 c6 30. Na3 Bd5 31. Re2 e4 32. Nc2 Kb7 33. Bf4 Rh3 34. Ne3
Be7 35. Kg2 Rhh8 36. Rd2 Bc5 37. Nxd5 cxd5 38. Rxd5 Kc6 39. Re5 Rxe5 40. Bxe5
Rh5 41. Bg3 e3 42. Rf4 Kd5 43. Kf3 Rh6 44. Re4 Rf6 45. Re5+ Kc6 46. Bh4 Rf7 47.
Kg4 Rd7 48. Re6+ Kb7 49. Bg5 Rd2 50. Bxe3 Bxe3 51. Rxe3 Rxh2 52. Kf4 Rxb2 53.
Re7+ Kc6 54. Rxg7 Rf2+ 55. Ke5 b5 56. axb5+ Kxb5 57. f6 Ka4 58. Rb7 Ka3 59. f7
a4 60. Ke6 Ka2 61. Rb8 a3 62. f8=Q Rxf8 63. Rxf8 Kb3 64. Kd5 Kxc3 65. Rf3+ Kb2
66. Kxc4 a2 67. Rf2+ Ka3 68. Rf3+ Kb2 69. Rf2+ Ka3 70. Rf1 Kb2 1/2-1/2

[Event "1st League CS 2011"]
[Site "Kraljevo"]
[Date "2011.09.17"]
[Round "1.2"]
[White "Zafirovski, Mite"]
[Black "Djukic, Stevan"]
[Result "1-0"]
[WhiteElo "2239"]
[BlackElo "2226"]
[Annotator "Milojevic,Boban"]
[PlyCount "36"]
[EventDate "2011.09.17"]

1. d4 e6 2. c4 b6 3. a3 Bb7 4. Nc3 f5 5. d5 Nf6 6. g3 b5 7. Nf3 bxc4 8. dxe6
dxe6 9. Qa4+ Qd7 10. Qxc4 Bd6 11. Bg2 Nc6 12. Qb3 Na5 13. Qc2 O-O 14. O-O e5
15. Rd1 e4 16. Nd4 Qf7 17. b4 Nc4 18. Qa2 Be5 {...necitko} 1-0

[Event "1st League CS 2011"]
[Site "Kraljevo"]
[Date "2011.09.17"]
[Round "1.2"]
[White "Stankovic, Dejan"]
[Black "Maksimovic, Boban"]
[Result "1/2-1/2"]
[WhiteElo "2281"]
[BlackElo "2228"]
[PlyCount "22"]
[EventDate "2011.09.17"]

1. e4 e6 2. d4 d5 3. exd5 exd5 4. Bd3 Bd6 5. Qf3 c6 6. Ne2 Qh4 7. h3 Qf6 8. Nd2
Nd7 9. O-O Ne7 10. Re1 O-O 11. c3 Ng6 1/2-1/2

[Event "1st League CS 2011"]
[Site "Kraljevo"]
[Date "2011.09.17"]
[Round "1.3"]
[White "Milanovic, Slavisa"]
[Black "Blesic, Vaso"]
[Result "1-0"]
[WhiteElo "2411"]
[BlackElo "2397"]
[PlyCount "79"]
[EventDate "2011.09.17"]

1. c4 c5 2. Nf3 g6 3. d4 cxd4 4. Nxd4 Nc6 5. e4 Nf6 6. Nc3 d6 7. Be2 Nxd4 8.
Qxd4 Bg7 9. O-O O-O 10. Bg5 Be6 11. Qd2 Qa5 12. Rac1 Rfc8 13. b3 a6 14. Rfd1 b5
15. Nd5 Qxd2 16. Bxd2 Bxd5 17. exd5 Ne4 18. Be1 Bh6 19. Rc2 f5 20. Kf1 Rab8 21.
f3 Nf6 22. b4 Nd7 23. a3 Be3 24. Rc3 f4 25. cxb5 Rxc3 26. Bxc3 axb5 27. Bd4
Bxd4 28. Rxd4 Nf6 29. Ke1 Kg7 30. Kd2 Ra8 31. Bxb5 Rxa3 32. Bc6 Ra7 33. b5 Nd7
34. Bxd7 Rxd7 35. Kc3 Kf6 36. Kb4 Ke5 37. Rd2 e6 38. b6 Rd8 39. Kb5 exd5 40. b7
1-0

[Event "1st League CS 2011"]
[Site "Kraljevo"]
[Date "2011.09.17"]
[Round "1.3"]
[White "Raicevic, Momcilo"]
[Black "Ivanovic, Dragutin"]
[Result "1/2-1/2"]
[WhiteElo "2379"]
[BlackElo "2352"]
[Annotator "Milojevic,Boban"]
[PlyCount "77"]
[EventDate "2011.09.17"]

1. c4 e6 2. g3 d5 3. Nf3 Nf6 4. Bg2 Be7 5. b3 O-O 6. Bb2 c5 7. O-O Nc6 8. e3 b6
9. Nc3 Ba6 10. d3 Rc8 11. Qe2 Qc7 12. e4 d4 13. Nd1 b5 14. Ne1 bxc4 15. dxc4 e5
16. Nd3 Nb4 17. Nxb4 cxb4 18. Bc1 Rcd8 19. Nb2 Nd7 20. Nd3 Bb7 21. a3 Nc5 22.
axb4 Nxb3 23. Rxa7 Ra8 24. Rxa8 Rxa8 25. Qc2 Na1 26. Qd1 Qxc4 27. Nxe5 Qxb4 28.
Qg4 Qb5 29. Qf4 Qb4 30. Nf3 Qc4 31. e5 Nb3 32. Bb2 Rd8 33. e6 f6 34. Re1 Bd5
35. Ne5 Qb4 36. Nd3 Qb7 37. Bxd5 Qxd5 38. Qg4 Qb5 39. Nf4 {...necitko} 1/2-1/2

[Event "1st League CS 2011"]
[Site "Kraljevo"]
[Date "2011.09.17"]
[Round "1.3"]
[White "Sandic, Vladeta"]
[Black "Jovanovic, Nenad R"]
[Result "1-0"]
[WhiteElo "2334"]
[BlackElo "2338"]
[PlyCount "107"]
[EventDate "2011.09.17"]

1. d4 Nf6 2. c4 e6 3. Nc3 Bb4 4. Qc2 Nc6 5. Nf3 d5 6. a3 Bxc3+ 7. Qxc3 Ne4 8.
Qc2 e5 9. e3 exd4 10. cxd5 Qxd5 11. Bc4 Qf5 12. Bd3 Qa5+ 13. b4 Nxb4 14. axb4
Qxa1 15. Bxe4 Qc3+ 16. Qxc3 dxc3 17. Ba3 c6 18. Nd4 O-O 19. Ke2 Re8 20. Kf3
Bg4+ 21. Kxg4 Rxe4+ 22. Kf3 Re5 23. Rc1 a5 24. Rxc3 axb4 25. Bxb4 Rd5 26. g4 h5
27. h3 g6 28. Be7 Rc8 29. Bc5 Ra8 30. e4 hxg4+ 31. hxg4 Rd7 32. g5 Ra6 33. Nc2
Ra2 34. Be3 Kf8 35. Nb4 Ra1 36. Nd3 Rb1 37. Ra3 Rd8 38. Ne5 Ke7 39. Ra7 Ke6 40.
Kf4 Rb5 41. Nf3 c5 42. Ra1 b6 43. Ne5 Rh8 44. Nf3 Rb4 45. Ra7 Rh7 46. Ne5 Rh4+
47. Ng4 Rh8 48. Rc7 Rd8 49. Ne5 Rf8 50. Rc6+ Ke7 51. Rf6 Ke8 52. f3 Rb3 53. Nc4
Ke7 54. Nxb6 1-0

[Event "1st League CS 2011"]
[Site "Kraljevo"]
[Date "2011.09.17"]
[Round "1.3"]
[White "Vencl, Radivoje"]
[Black "Nikolic, Dragovan"]
[Result "1-0"]
[WhiteElo "2315"]
[BlackElo "2262"]
[PlyCount "92"]
[EventDate "2011.09.17"]

1. d4 c5 2. dxc5 Na6 3. Nf3 Nxc5 4. Nc3 Nf6 5. e3 g6 6. Be2 Bg7 7. O-O O-O 8.
h3 d6 9. Nd4 Bd7 10. Bf3 Qc8 11. Re1 Rb8 12. e4 Re8 13. Nd5 b5 14. c3 a5 15.
Bg5 Nxd5 16. exd5 Kf8 17. Qd2 b4 18. c4 Qa6 19. Rac1 Rbc8 20. Re3 h6 21. Bh4 g5
22. Bg3 f5 23. Bh5 f4 24. Rf3 Kg8 25. Bxf4 gxf4 26. Bxe8 Rxe8 27. Qxf4 Rf8 28.
Qh4 Rxf3 29. Nxf3 Nd3 30. Rc2 Nxb2 31. Qxe7 Bf5 32. Qe8+ Kh7 33. Rxb2 Bg6 34.
Qb5 Qc8 35. Rd2 Be8 36. Qxa5 Qxc4 37. Qa7 Bh5 38. Qe3 Bg6 39. Kh2 Bb1 40. Qb3
Qe4 41. Qe3 Qc4 42. Qe2 Qf4+ 43. g3 Qf7 44. Nd4 Qxd5 45. Ne6 Qc6 46. Nxg7 Be4
1-0

[Event "1st League CS 2011"]
[Site "Kraljevo"]
[Date "2011.09.17"]
[Round "1.3"]
[White "Sorgic, Dragan"]
[Black "Lukic, Dragan M"]
[Result "0-1"]
[WhiteElo "2242"]
[BlackElo "2307"]
[PlyCount "100"]
[EventDate "2011.09.17"]

1. e4 Nf6 2. e5 Nd5 3. d4 d6 4. Nf3 g6 5. Bc4 Nb6 6. Bb3 Bg7 7. O-O O-O 8. h3
Nc6 9. Qe2 Na5 10. Nc3 Nxb3 11. axb3 dxe5 12. dxe5 Nd5 13. Rd1 Nxc3 14. bxc3
Qe8 15. Nd4 a6 16. Bg5 h6 17. Bh4 Rb8 18. Bg3 e6 19. Qc4 Qe7 20. b4 Bd7 21. Nb3
Bc6 22. Qc5 Qxc5 23. Nxc5 Rfd8 24. f3 Bf8 25. Bf2 Rxd1+ 26. Rxd1 Be7 27. Be3 h5
28. c4 Kf8 29. Rb1 Ke8 30. b5 axb5 31. cxb5 Bd5 32. Nb3 Ra8 33. Nd2 Ra3 34. Nb3
Ra2 35. Nd4 Bc5 36. Rd1 Bxd4 37. Rxd4 Rxc2 38. Ra4 b6 39. Rb4 Rc3 40. Bd2 Rb3
41. Rxb3 Bxb3 42. g4 Bc4 43. gxh5 gxh5 44. Kf2 Bxb5 45. f4 Bd3 46. Kg3 c5 47.
Be3 Kd7 48. Kh4 Bf5 49. Kxh5 Bxh3 50. Kg5 Kc6 0-1

[Event "1st League CS 2011"]
[Site "Kraljevo"]
[Date "2011.09.17"]
[Round "1.3"]
[White "Nesic, Dragisa"]
[Black "Vuckovic, Branko"]
[Result "0-1"]
[WhiteElo "2126"]
[BlackElo "2271"]
[PlyCount "46"]
[EventDate "2011.09.17"]

1. Nf3 Nf6 2. b3 g6 3. Bb2 Bg7 4. g3 d6 5. Bg2 O-O 6. O-O e5 7. c4 Nc6 8. d3
Nh5 9. Nc3 f5 10. Rb1 Be6 11. Ne1 f4 12. Nd5 Qd7 13. b4 Rae8 14. b5 Nd8 15. a4
c6 16. Nb4 Bh3 17. Qb3 Bxg2 18. Kxg2 fxg3 19. fxg3 Qg4 20. Rxf8+ Rxf8 21. Nf3
Nf4+ 22. Kf2 Nxe2 23. d4 e4 0-1

[Event "1st League CS 2011"]
[Site "Kraljevo"]
[Date "2011.09.17"]
[Round "1.4"]
[White "Simantsev, Mikhail"]
[Black "Vratonjic, Slobo"]
[Result "1/2-1/2"]
[WhiteElo "2549"]
[BlackElo "2396"]
[PlyCount "84"]
[EventDate "2011.09.17"]

1. d4 Nf6 2. c4 e6 3. Nc3 Bb4 4. f3 d5 5. a3 Bxc3+ 6. bxc3 c5 7. cxd5 Nxd5 8.
dxc5 Qa5 9. e4 Nf6 10. Be3 Nfd7 11. Qb3 Qc7 12. a4 Nc6 13. Nh3 O-O 14. Be2 Na5
15. Qb4 b6 16. cxb6 axb6 17. O-O Ba6 18. Nf4 Rfc8 19. Rfd1 Bxe2 20. Nxe2 Nc5
21. Rab1 Rcb8 22. Qb5 h6 23. Bf4 e5 24. Be3 Nxa4 25. Qxa4 Nc4 26. Bxb6 Nxb6 27.
Qb5 Nc4 28. Qd7 Qc5+ 29. Kh1 Rd8 30. Qxd8+ Rxd8 31. Rxd8+ Kh7 32. Ng3 Qf2 33.
Nf1 Qc2 34. Rdd1 Qxc3 35. Rdc1 Qd3 36. Rb4 Nd6 37. Rbb1 Nc4 38. Rb4 Nd6 39. Rb2
Nb5 40. Rd2 Qa3 41. Rcd1 Nd4 42. Rd3 Qa2 1/2-1/2

[Event "1st League CS 2011"]
[Site "Kraljevo"]
[Date "2011.09.17"]
[Round "1.4"]
[White "Solomunovic, Igor"]
[Black "Milenkovic, Mladen"]
[Result "1-0"]
[WhiteElo "2402"]
[BlackElo "2396"]
[PlyCount "69"]
[EventDate "2011.09.17"]

1. d4 Nf6 2. Nf3 g6 3. Bg5 Bg7 4. c3 b6 5. Nbd2 Bb7 6. e3 d6 7. Bc4 Nbd7 8. Qe2
h6 9. Bh4 g5 10. Bg3 Nh5 11. O-O-O e6 12. e4 Qe7 13. Ne1 Nxg3 14. hxg3 a6 15.
f4 b5 16. Bb3 c5 17. Ndf3 cxd4 18. cxd4 Nf6 19. Nd2 gxf4 20. gxf4 h5 21. Nd3 a5
22. e5 Ng4 23. Ne4 dxe5 24. dxe5 Bxe4 25. Qxe4 Rd8 26. a3 Qa7 27. Kb1 Rd4 28.
Qc6+ Qd7 29. Qf3 Bf8 30. f5 a4 31. fxe6 fxe6 32. Ba2 Be7 33. Nf4 Rf8 34. Bxe6
Qa7 35. Qc6+ 1-0

[Event "1st League CS 2011"]
[Site "Kraljevo"]
[Date "2011.09.17"]
[Round "1.4"]
[White "Milosevic, Aleksandar"]
[Black "Rabrenovic, Vladan"]
[Result "0-1"]
[WhiteElo "2275"]
[BlackElo "2378"]
[PlyCount "50"]
[EventDate "2011.09.17"]

1. Nf3 Nf6 2. c4 g6 3. Nc3 d5 4. d4 Bg7 5. cxd5 Nxd5 6. e4 Nxc3 7. bxc3 c5 8.
Bb5+ Bd7 9. Rb1 Qa5 10. Bxd7+ Nxd7 11. O-O b6 12. Qe2 Qxc3 13. Bb2 Qa5 14. dxc5
Bxb2 15. Qxb2 O-O 16. cxb6 axb6 17. Rfd1 Nc5 18. Qe5 e6 19. h4 Qxa2 20. Rxb6
Qc2 21. Rd4 Nd3 22. Qd6 Qxf2+ 23. Kh2 Ne1 24. Qg3 Nxf3+ 25. Qxf3 Qxd4 0-1

[Event "1st League CS 2011"]
[Site "Kraljevo"]
[Date "2011.09.17"]
[Round "1.4"]
[White "Kojovic, Dragan"]
[Black "Dezelin, Milan"]
[Result "1/2-1/2"]
[WhiteElo "2367"]
[BlackElo "2287"]
[PlyCount "30"]
[EventDate "2011.09.17"]

1. e4 c5 2. Nf3 Nc6 3. d4 cxd4 4. Nxd4 Nf6 5. Nc3 g6 6. Nxc6 bxc6 7. e5 Ng8 8.
Bc4 Bg7 9. Qf3 f5 10. Bf4 e6 11. O-O-O Qc7 12. Rhe1 Nh6 13. h4 Nf7 14. Qe3 Rb8
15. Kb1 Rb4 1/2-1/2

[Event "1st League CS 2011"]
[Site "Kraljevo"]
[Date "2011.09.17"]
[Round "1.4"]
[White "Brankovic, Dejan"]
[Black "Sredojevic, Ivan"]
[Result "1/2-1/2"]
[WhiteElo "2341"]
[BlackElo "2426"]
[PlyCount "27"]
[EventDate "2011.09.17"]

1. e4 d6 2. d4 g6 3. Nc3 Bg7 4. h3 Nf6 5. Nf3 O-O 6. Be2 c6 7. a4 a5 8. O-O Na6
9. Bf4 Nb4 10. Re1 Qc7 11. e5 dxe5 12. Nxe5 Nbd5 13. Nxd5 Nxd5 14. Bg3 1/2-1/2

[Event "1st League CS 2011"]
[Site "Kraljevo"]
[Date "2011.09.17"]
[Round "1.4"]
[White "Govedarica, Radovan"]
[Black "Cvetanovic, Uros"]
[Result "1-0"]
[WhiteElo "2389"]
[BlackElo "2257"]
[PlyCount "109"]
[EventDate "2011.09.17"]

1. d4 Nf6 2. Nc3 e6 3. e4 d5 4. Bg5 dxe4 5. Nxe4 Be7 6. Bxf6 Bxf6 7. Nf3 Bd7 8.
Bd3 Bc6 9. c3 Bxe4 10. Bxe4 c6 11. Qc2 h6 12. O-O-O Nd7 13. Rhe1 O-O 14. Kb1
Qc7 15. h4 g6 16. g4 Bg7 17. g5 h5 18. Qd2 b5 19. Qe3 Nb6 20. Nd2 a5 21. f4 Nd5
22. Bxd5 cxd5 23. Nb3 b4 24. Rc1 Qb6 25. Nc5 bxc3 26. Rxc3 Qb4 27. Rf1 a4 28.
a3 Qa5 29. Nd7 Rfd8 30. Ne5 Qb6 31. Rc6 Qb7 32. Qc3 Rdc8 33. Rc1 Rxc6 34. Qxc6
Qb8 35. Rc5 Qd8 36. Qc7 Qe8 37. Ka2 Rb8 38. Qc6 Qxc6 39. Rxc6 Rb3 40. Rc8+ Kh7
41. Rc3 Rxc3 42. bxc3 f6 43. Nd7 fxg5 44. fxg5 Kg8 45. Kb2 Kf7 46. Ne5+ Bxe5
47. dxe5 Ke7 48. c4 dxc4 49. Kc3 Kd7 50. Kxc4 Kc6 51. Kb4 Kd5 52. Kxa4 Kxe5 53.
Kb3 Kf4 54. Kc2 e5 55. Kd2 1-0

[Event "1st League CS 2011"]
[Site "Kraljevo"]
[Date "2011.09.17"]
[Round "1.5"]
[White "Mista, Aleksander"]
[Black "Markovic, Zoran S"]
[Result "1-0"]
[WhiteElo "2561"]
[BlackElo "2364"]
[PlyCount "51"]
[EventDate "2011.09.17"]

1. e4 c5 2. Nf3 Nc6 3. d4 cxd4 4. Nxd4 Nf6 5. Nc3 e5 6. Ndb5 d6 7. Bg5 a6 8.
Na3 b5 9. Nd5 Qa5+ 10. Bd2 Qd8 11. c4 Nxe4 12. cxb5 Be6 13. Bc4 Ne7 14. Be3 Rc8
15. Bb6 Qd7 16. bxa6 Bxd5 17. Bxd5 Nxd5 18. Qxd5 Nf6 19. Qa5 Be7 20. O-O O-O
21. Rac1 d5 22. Nb5 d4 23. Rxc8 Qxc8 24. a7 Nd5 25. Nc7 Nxc7 26. Bxc7 1-0

[Event "1st League CS 2011"]
[Site "Kraljevo"]
[Date "2011.09.17"]
[Round "1.5"]
[White "Organdziev, Oliver"]
[Black "Mijailovic, Zoran"]
[Result "1/2-1/2"]
[WhiteElo "2300"]
[BlackElo "2414"]
[PlyCount "21"]
[EventDate "2011.09.17"]

1. e4 c5 2. Nf3 e6 3. c3 d5 4. e5 d4 5. cxd4 cxd4 6. Qa4+ Nc6 7. Bb5 Bd7 8. O-O
Bc5 9. Qc2 Bb6 10. Na3 Nge7 11. Nc4 1/2-1/2

[Event "1st League CS 2011"]
[Site "Kraljevo"]
[Date "2011.09.17"]
[Round "1.5"]
[White "Lapcevic, Milos"]
[Black "Prelevic, Dusko"]
[Result "0-1"]
[WhiteElo "2420"]
[BlackElo "2311"]
[PlyCount "106"]
[EventDate "2011.09.17"]

1. d4 c5 2. d5 Nf6 3. c4 g6 4. Nc3 Bg7 5. e4 d6 6. f3 O-O 7. Be3 e6 8. Qd2 exd5
9. cxd5 a6 10. a4 Re8 11. Nge2 Nbd7 12. Nd1 Ne5 13. Nec3 Qa5 14. Ra3 Nfd7 15.
Bh6 Bxh6 16. Qxh6 Nb6 17. Be2 Qb4 18. h4 Qd4 19. h5 Re7 20. hxg6 fxg6 21. Qh4
Rd7 22. f4 Nec4 23. Rb3 Qd2+ 24. Kf2 Rf7 25. g3 Nd7 26. Nb1 Qd4+ 27. Ne3 Nde5
28. f5 Bxf5 29. exf5 Nxe3 30. Rxe3 Rxf5+ 31. Kg2 Qxe3 32. Qxh7+ Kf8 33. Nc3 Rf7
34. Rf1 Ke7 35. Rxf7+ Nxf7 36. Qxg6 Rf8 37. Bh5 Qd2+ 38. Kh3 Qh6 39. Qe4+ Kd8
40. Qh4+ Qg5 41. Ne4 Qxh4+ 42. Kxh4 Ke7 43. g4 Ne5 44. Kg5 Rg8+ 45. Kf5 Rf8+
46. Kg5 Rg8+ 47. Kf5 Nc4 48. Ng3 Ne3+ 49. Ke4 Nxg4 50. Nf5+ Kd7 51. Bf7 Nf6+
52. Kd3 Rg5 53. Be6+ Kc7 0-1

[Event "1st League CS 2011"]
[Site "Kraljevo"]
[Date "2011.09.17"]
[Round "1.6"]
[White "Radulski, Julian"]
[Black "Misailovic, Nebojsa"]
[Result "0-1"]
[WhiteElo "2552"]
[BlackElo "2301"]
[PlyCount "96"]
[EventDate "2011.09.17"]

1. e4 c5 2. Nc3 Nc6 3. Nf3 g6 4. d4 cxd4 5. Nxd4 Bg7 6. Be3 Nf6 7. f4 d6 8. Be2
O-O 9. O-O Bd7 10. Nb3 Rc8 11. Kh1 Be6 12. f5 Bd7 13. g4 Ne5 14. Nd2 Rxc3 15.
bxc3 Bc6 16. Kg1 Nxe4 17. Nxe4 Bxe4 18. Qe1 Qc7 19. Bd4 b6 20. Qg3 Bb7 21. h3
Qc6 22. Kh2 Qe4 23. Rf2 Qxc2 24. Ba6 Qe4 25. Bxb7 Qxb7 26. Raf1 Qd5 27. h4 Rc8
28. Kh3 Rc4 29. Qe3 Nxg4 30. Kxg4 Bxd4 31. cxd4 Rxd4+ 32. Kg3 Rd3 33. Qxd3
Qxd3+ 34. Rf3 Qd5 35. a3 Qe5+ 36. Kh3 d5 37. Rg3 d4 38. h5 Qe2 39. Rff3 Kg7 40.
hxg6 hxg6 41. Rf4 Qe5 42. Rf2 Qe4 43. fxg6 fxg6 44. Rgf3 Qd5 45. Kg3 e5 46. Rc2
Qd6 47. Kg2 e4 48. Rf1 d3 0-1

[Event "1st League CS 2011"]
[Site "Kraljevo"]
[Date "2011.09.17"]
[Round "1.6"]
[White "Marinkovic, Ivan"]
[Black "Ratkovic, Milovan"]
[Result "1-0"]
[WhiteElo "2425"]
[BlackElo "2177"]
[PlyCount "45"]
[EventDate "2011.09.17"]

1. e4 c6 2. Nc3 d5 3. Nf3 Bg4 4. h3 Bh5 5. exd5 cxd5 6. g4 Bg6 7. Ne5 Nc6 8. d4
e6 9. h4 Nxe5 10. dxe5 Bb4 11. h5 Be4 12. Rh3 d4 13. a3 Ba5 14. b4 dxc3 15.
Bb5+ Bc6 16. Bxc6+ bxc6 17. bxa5 Qxa5 18. Qd6 Qa4 19. Rd3 Nh6 20. Qd7+ Kf8 21.
Qd6+ Ke8 22. Rd4 Qb5 23. Bg5 1-0